Noem alle landen van Europa en EU die aan de kust liggen dus aan zee - Statistieken

Algemene statistieken
  • Deze quiz is 62 keer genomen
  • De gemiddelde score is 25 van 29
Antwoordstatistieken
Hint Antwoord % Correct
B Belgie
100%
L Letland
95%
N Nederland
95%
Portugal
95%
Spanje
95%
A Albanië
93%
D Denemarken
93%
E Estland
93%
Frankrijk
93%
Litouwen
93%
V (2) Verenigd Koninkrijk
93%
Z Zweden
93%
Duitsland
90%
G Griekenland
90%
Italië
90%
P Polen
90%
R Rusland
90%
F Finland
88%
K Kroatië
88%
I Ierland
85%
Noorwegen
85%
S Slovenië
85%
M Malta
83%
Monaco
76%
IJsland
73%
Montenegro
73%
T Turkije
73%
C Cyprus
61%
(2) Bosnië Herzegovina
24%
Geen overeenkomende quizzen gevonden
Scoreverdeling
Procent van Mensen met Elke Score
Percentiel versus Aantal Correcte Antwoorden
Uw Scoregeschiedenis
U heeft deze quiz nog niet genomen